La carta /
Gorde:
| Egile nagusia: | |
|---|---|
| Formatua: | Liburua |
| Hizkuntza: | Spanish |
| Argitaratua: |
México :
Coordinación de Difusión Cultural, Dirección de Literatura/UNAM,
1996.
|
| Edizioa: | 1. edición |
| Saila: | Serie Rayuela. Coordinación de Difusión Cultural
|
| Gaiak: | |
| Etiketak: |
Etiketa erantsi
Etiketarik gabe, Izan zaitez lehena erregistro honi etiketa jartzen!
|
MARC
| LEADER | 00000cam a22000007a 4500 | ||
|---|---|---|---|
| 001 | 3080860 | ||
| 005 | 20140620072047.0 | ||
| 008 | 970814s1996 mx 000 f spa | ||
| 020 | |a 9683649580 | ||
| 040 | |a DLC |c DLC |d cru CIICLA Universidad de Costa Rica | ||
| 082 | |a Pe863.4 |b P178c | ||
| 100 | 1 | |a Pallais, María Lourdes, |d 1953- | |
| 245 | 1 | 3 | |a La carta / |c María Lourdes Pallais |
| 250 | |a 1. edición | ||
| 260 | |a México : |b Coordinación de Difusión Cultural, Dirección de Literatura/UNAM, |c 1996. | ||
| 300 | |a 159 páginas | ||
| 490 | 0 | |a Serie Rayuela. Coordinación de Difusión Cultural | |
| 650 | 1 | 4 | |9 67 |a LITERATURA PERUANA |v NOVELA |
| 942 | |2 ddc |c BK | ||
| 999 | |c 3302 |d 3302 | ||



